Scapula Elements - Statistics

General Stats
  • This quiz has been taken 63 times
  • The average score is 6 of 14
Answer Stats
Hint Answer % Correct
2 Coracoid Process
81%
4 Subscapular Fossa
71%
1 Acromion Process
62%
3 Glenoid Fossa
62%
13 Inferior Angle
57%
7 Infraspinous Fossa
57%
5 Scapular Spine
57%
8 Superior Angle
57%
6 Supraspinous Fossa
52%
12 Suprascapular Notch
24%
10 Infraglenoid Tubercle
19%
9 Supraglenoid Tubercle
14%
11 Scapular Neck
10%
Ridges Oblique Ridges
0%
No matching quizzes found
Score Distribution
Percent of People with Each Score
Percentile by Number Answered
Your Score History
You have not taken this quiz